SoCon Football Schools By State - Statistics

General Stats
  • This quiz has been taken 8 times
  • The average score is 8 of 9
Answer Stats
Hint Answer % Correct
Tennessee Chattanooga
100%
South Carolina Furman
100%
Alabama Samford
100%
North Carolina Western Carolina
100%
South Carolina Wofford
100%
Georgia Mercer
88%
Tennessee ETSU
75%
South Carolina The Citadel
75%
Virginia VMI
75%
No matching quizzes found
Score Distribution
Percent of People with Each Score
Percentile by Number Answered
Your Score History
You have not taken this quiz